Der Donauraum (Record no. 5820)
[ view plain ]
| 000 -LEADER | |
|---|---|
| fixed length control field | 00529nam a22001937i 4500 |
| 001 - CONTROL NUMBER | |
| control field | 6183 |
| 003 - CONTROL NUMBER IDENTIFIER | |
| control field | OSt |
| 005 - DATE AND TIME OF LATEST TRANSACTION | |
| control field | 20181102151233.0 |
| 007 - PHYSICAL DESCRIPTION FIXED FIELD--GENERAL INFORMATION | |
| fixed length control field | tu |
| 008 - FIXED-LENGTH DATA ELEMENTS--GENERAL INFORMATION | |
| fixed length control field | 161220s xxu||||| |||| 00| 0 d |
| 024 7# - OTHER STANDARD IDENTIFIER | |
| Standard number or code | 6183 |
| Source of number or code | RID |
| 024 7# - OTHER STANDARD IDENTIFIER | |
| Standard number or code | 6183 |
| Source of number or code | RSN (alt) |
| 040 ## - CATALOGING SOURCE | |
| Transcribing agency | OSt |
| 100 1# - MAIN ENTRY--PERSONAL NAME | |
| Personal name | Schneidewind, Peter |
| Relator term | Ed. |
| 245 00 - TITLE STATEMENT | |
| Title | Der Donauraum |
| 260 ## - PUBLICATION, DISTRIBUTION, ETC. | |
| Place of publication, distribution, etc. | Wien : |
| Name of publisher, distributor, etc. | Österreichisches Institut für Raumplanung (ÖIR). |
| 490 ## - SERIES STATEMENT | |
| Series statement | Raum. Österreichische Zeitschrift für Raumplanung und Regionalpolitik |
| Volume/sequential designation | 26 |
| International Standard Serial Number | 1024-137X |
| 942 ## - ADDED ENTRY ELEMENTS (KOHA) | |
| Koha item type | Paper |
| Withdrawn status | Lost status | Damaged status | Not for loan | Home library | Current library | Shelving location | Date acquired | Inventory number | Total Checkouts | Barcode | Date last seen | Price effective from | Koha item type | Serial Enumeration / chronology |
|---|---|---|---|---|---|---|---|---|---|---|---|---|---|---|
| WIIW | WIIW | Library | 08/04/2004 | 6183 | 10001658 | 01/26/2017 | 01/26/2017 | Paper | ||||||
| WIIW | WIIW | Library | 06/09/2005 | 6183 | 10002959 | 01/26/2017 | 01/26/2017 | Paper | 2005 45/2 | |||||
| WIIW | WIIW | Library | 08/08/2006 | 6183 | 10003336 | 01/26/2017 | 01/26/2017 | Paper | 2006 46/1 |
